Temas de nuestra América /
Guardado en:
| Autor Corporativo: | |
|---|---|
| Formato: | Revista |
| Lenguaje: | Spanish |
| Publicado: |
Heredia: Costa Rica:
IDELA,
1990.
|
| Materias: | |
| Etiquetas: |
Agregar Etiqueta
Sin Etiquetas, Sea el primero en etiquetar este registro!
|
MARC
| LEADER | 00000nas a2200000 c 4500 | ||
|---|---|---|---|
| 001 | bise0000088655 | ||
| 005 | 20150507154610.0 | ||
| 007 | ta | ||
| 008 | 000602c19849999cr tx p _ s0uuub0spa | ||
| 022 | 0 | |a 0259-2239 | |
| 040 | |a SpMaBN |b spa |c SpMaBN | ||
| 245 | 1 | 0 | |a Temas de nuestra América / |h [Texto impreso] |c Instituto de Estudios Latinoamericanos (IDELA) de la Facultad de Filosofía y Letras de la Universidad Nacional |
| 260 | |a Heredia: Costa Rica: |b IDELA, |c 1990. | ||
| 300 | |a volúmenes |c 21 cm | ||
| 310 | |a Semestra. | ||
| 362 | 1 | |a Comenzó con: n. 1 (en. 1984) | |
| 590 | |a n. 15 (jul.-dic. 1990) | ||
| 650 | 1 | 4 | |a CIENCIAS SOCIALES |v PUBLICACIONES PERIODICAS |
| 651 | 1 | 4 | |a AMERICA LATINA |
| 710 | 1 | |a Universidad Nacional. Facultad de Filosofía y Letras |b Instituto de Estudios Latinoamericanos | |
| 942 | |2 ddc |c CR | ||
| 956 | |a 1 | ||
| 999 | |c 4087 |d 4087 | ||
